000
00207 a2200097 4500
001
58489
100
_a
245
_a
War and anit-war
260
_a
Boston
_b
Little brown ad company
_c
090
_c
35868
_d
35868
942
_a
NUST-CAE
_c
_c
28744
999
_c
293562
_d
293562